| 000 | 00687cam a22001931 4500 | ||
|---|---|---|---|
| 082 |
_a621.3132 _bANN _cL-10, P-29 |
||
| 100 | 1 |
_aAnnett, Fred Anzley. _941344 |
|
| 245 | 1 | 0 |
_aConnecting and testing direct-current machines, _cby F. A. Annett ... and A. C. Roe ... |
| 250 | _a2d ed. | ||
| 260 |
_aNew York, _aLondon, _bMcGraw-Hill Book Company, inc., _c1937. |
||
| 300 |
_axiii, 302 p. _billus., diagrs. _c24 cm. |
||
| 526 |
_a0 _b0 _c0 _d621_313200000000000_ANN |
||
| 526 |
_a0 _b0 _c0 _d621_313200000000000_ANN |
||
| 526 |
_a0 _b0 _c0 _d621_313200000000000_ANN |
||
| 650 | 0 |
_aElectric machinery _xDirect current. _941345 |
|
| 650 | 0 |
_aMCE _9379 |
|
| 700 | 1 |
_aRoe, A. C. _941346 |
|
| 942 |
_2ddc _cBK |
||
| 999 |
_c545479 _d545479 |
||